000 00228nam a22000977a 4500
999 _c16204
_d16204
003 OSt
008 200623b ||||| |||| 00| 0 eng d
100 _aOuseph C C.
_94624
245 _aPre-university physics (Practical)
942 _cBK